000 00314nam a2200133 i 4500
001 bg
245 0 _aMiędzynarodowy układ jednostek w termodynamice.
250 _aWyd.3 popr. i uzup.
260 _aGliwice,
_c1967.
040 _cBPK
041 _apol
942 _cKS
008 s pl f |000 0 pol
999 _c7039
_d7039
856 _uhttp://koha.tu.koszalin.pl/cgi-bin/koha/opac-detail.pl?biblionumber=7039
_yKatalog online BPK